Solar radiation data : proceedings of the EC Contractors' meeting held in Brussels, 20 November 1981 /

Bibliographic Details
Corporate Author: Commission of the European Communities
Other Authors: Palz, W. (Wolfgang), 1937-
Format: Book
Language:English
Published: Dordrecht, Holland ; Boston : D. Reidel Pub. Co. for the Commission of the European Communities ; [1982]
Series:Solar energy R & D in the European Community. Solar radiation data ; v. 1.
Subjects:

MARC

Tag First Indicator Second Indicator Subfields
LEADER 00000cam a2200000 a 4500
001 in00000472421
005 20151012171711.0
008 811231s1982 ne a b 10000 engm
010 |a  81023441  
020 |a 9027713871 
035 |a (OCoLC)08114962 
035 |9 ACA0928AM 
039 0 |a 2  |b 3  |c 3  |d 3  |e 3 
040 |a DLC  |c DLC  |d OCL  |d TXA  |d UtOrBLW 
049 |a TXAM  |c [1674588] 
050 0 0 |a QC910.2  |b  S65 1982 
082 0 |a 333.79/23  |2 19 
245 0 0 |a Solar radiation data :  |b proceedings of the EC Contractors' meeting held in Brussels, 20 November 1981 /  |c edited by W. Palz. 
264 1 |a Dordrecht, Holland ;  |a Boston :  |b D. Reidel Pub. Co. for the Commission of the European Communities ;  |c [1982] 
264 2 |a Hingham, MA :  |b Sold and distributed in the U.S.A. and Canada by Kluwer Boston, 
264 4 |c ©1982 
300 |a vi, 143 pages :  |b illustrations ;  |c 24 cm. 
336 |a text  |b txt  |2 rdacontent 
337 |a unmediated  |b n  |2 rdamedia 
338 |a volume  |b nc  |2 rdacarrier 
490 1 |a Solar energy R&D in the European community. Series F ;  |v v. 1 
504 |a Includes bibliographical references. 
650 0 |a Solar radiation  |v Congresses. 
650 0 |a Solar energy  |v Congresses. 
700 1 |a Palz, W.  |q (Wolfgang),  |d 1937- 
710 2 |a Commission of the European Communities. 
830 0 |a Solar energy R & D in the European Community.  |n Series F,  |p Solar radiation data ;  |v v. 1. 
999 |a MARS 
999 f f |s f697bdef-b10e-3b20-8a10-0f5369113354  |i 8a191a89-2623-3212-94df-b56231d39b28  |t 0 
952 f f |p ric  |a Texas A&M University  |b Rellis Campus  |c Joint Library Facility  |d Remote Storage  |t 0  |e QC910.2 S65 1982  |h Library of Congress classification  |i unmediated -- volume  |m A14807228698 
998 f f |a QC910.2 S65 1982  |t 0  |l Remote Storage